|
|
|
|
| LEADER |
00997nam a2200265 a 4500 |
| 001 |
17092828 |
| 008 |
120930s2012 ctu 000 0 eng d |
| 010 |
|
|
|a 2011945943
|
| 020 |
|
|
|a 9780300179316
|
| 040 |
|
|
|a DLC
|c DLC
|d BD-DhAAL
|
| 082 |
0 |
0 |
|a 301/.13
|2 22
|
| 100 |
1 |
|
|a Arrow, Kenneth J.
|
| 245 |
1 |
0 |
|a Social choice and individual values /
|c Kenneth J. Arrow, Foreword by Eric S. Maskin.
|
| 250 |
|
|
|a 3rd ed.
|
| 260 |
|
|
|a New Haven, CT :
|b Yale University Press,
|c 2012.
|
| 263 |
|
|
|a 1206
|
| 300 |
|
|
|a xvii, 124 p. :
|b ill. ;
|c 24 cm.
|
| 490 |
1 |
|
|a Cowles foundation for research in economics at yale university ;
|v Monograph 12
|
| 541 |
|
|
|a 00026011
|
| 650 |
|
|
|a Social Choice
|
| 650 |
|
0 |
|a Liberty
|
| 650 |
|
0 |
|a Social Values
|
| 852 |
1 |
|
|a Ayesha Abed Library
|j General shelf
|
| 999 |
|
|
|c 12860
|d 12860
|
| 952 |
|
|
|0 0
|1 4
|4 0
|6 301_130000000000000_ARR
|7 0
|9 21168
|a BRACUL
|b BRACUL
|c GEN
|d 2012-09-30
|e Karim International
|g 2000.00
|l 0
|o 301.13 ARR
|p 3010026011
|r 2012-09-30
|t 1
|w 2012-09-30
|y BK
|x Koha Inventory 2020
|